000 00491nam a2200157 a 4500
001 000036725
005 20200930075911.0
008 120126s1986 xxu 000 0 spa d
040 _aDO-SdBNP
_bspa
_cBNPHU
245 0 0 _asurgical pharmacology of the eye /
_ceditors, Marvin L. Sears, Ahti Tarkkanen.
260 _aNew York :
_bRaven Press,
_c1986.
300 _a592 p. ;
_c25 cm.
500 _aIncluye índice
700 1 2 _aSears, Marvin L.,
_d1928-
_963035
700 1 2 _aTarkkanen, Ahti.
_963036
999 _c36216
_d36216